MARC

LEADER 00000nam0a2200000 4500
001 271459
005 20231101234435.0
035 |a (RuTPU)RU\TPU\book\294641 
090 |a 271459 
100 |a 20141008d1987 k y0rusy50 ca 
101 0 |a rus 
102 |a UZ 
105 |a a z 001zy 
200 1 |a Связь металлогении с глубинным строением земной коры центральной части Средней Азии  |f Академия наук Узбекской ССР (АН УзССР), Институт геологии и геофизики им. Х. М. Абдуллаева ; под ред. Х. Н. Баймухамедова 
210 |a Ташкент  |c Фан  |d 1987 
215 |a 124 с.  |c ил. 
320 |a Библиогр.: с. 117-123 
606 1 |a Металлогения  |2 stltpush  |3 (RuTPU)RU\TPU\subj\42411  |9 62078 
606 1 |a Земная кора  |2 stltpush  |3 (RuTPU)RU\TPU\subj\11771  |9 38669 
610 1 |a геофизическая изученность 
610 1 |a состояние 
610 1 |a геофизическое районирование 
610 1 |a строение 
610 1 |a статистический анализ 
675 |a 553.078  |v 4 
675 |a 551.1  |v 4 
702 1 |a Баймухамедов  |b Х. Н.  |4 340 
712 0 2 |a Академия наук Узбекской ССР (АН УзССР)  |b Институт геологии и геофизики им. Х. М. Абдуллаева  |c (Ташкент)  |2 stltpush  |3 (RuTPU)RU\TPU\col\14202 
801 1 |a RU  |b 63413507  |c 20141008 
801 2 |a RU  |b 63413507  |c 20170309  |g RCR 
942 |c BK